| 000 | 01123nac a22002891i 4500 | ||
|---|---|---|---|
| 003 | EG-ScBUE | ||
| 005 | 20250731101110.0 | ||
| 008 | 250731r20031998enka f b 001 0 eng d | ||
| 020 | _a019855785X (pbk.) | ||
| 040 |
_aEG-ScBUE _beng _erda _cEG-ScBUE _dEG-ScBUE |
||
| 082 | 0 | 4 |
_a543.0858 _bBRO _222 |
| 100 | 1 |
_aBrown, John M., _eauthor. |
|
| 245 | 1 | 0 |
_aMolecular spectroscopy / _cJohn M. Brown, professor of chemistry, University of Oxford. |
| 250 | _aReprint edition. | ||
| 264 | 1 |
_aOxford ; _aNew York : _bOxford University Press, _c2003. |
|
| 300 |
_avi, 89 pages : _billustrations ; _c25 cm. |
||
| 336 |
_2rdacontent _atext _btxt |
||
| 337 |
_aunmediated _2rdamedia _bn |
||
| 338 |
_avolume _bnc _2rdacarrier |
||
| 490 | 0 | _aOxford chemistry primers | |
| 504 | _aIncludes bibliographical references and index. | ||
| 650 | 7 |
_aMolecular spectroscopy. _2BUEsh |
|
| 655 | _vReading book | ||
| 856 | 4 | 2 |
_3Publisher description _uhttp://www.loc.gov/catdir/enhancements/fy0604/97046779-d.html |
| 856 | 4 | 2 |
_3Table of contents only _uhttp://www.loc.gov/catdir/enhancements/fy0604/97046779-t.html |
| 942 |
_cBB _2ddc |
||
| 999 |
_c2186 _d2186 |
||